000 00475nam a2200181Ia 4500
001 43973
008 140425s9999 xx 000 0 und d
020 _aNA
040 _cPK-LaUMT
082 _aRHC 891.4393
_bTAH-S
100 _aTahir Aslam Gaura
245 _aSafar aakhar safar hay (Urdu)
_bafsaanay
_cTahir Aslam Gaura
260 _aLahore,Pakistan:
_bMaktaba Tamseel,
_c1986
300 _a127 p.
546 _aUR
650 _aPakistani literature-Urdu
942 _cBK
999 _c41973
_d41973